=LDR 00000nam 2200000 4500 =001 INLIS000000000059203 =005 20211026124945 =035 ##$$a 0010-1021000651 =007 ta =008 211026###########################0#ind## =020 ##$$a 979-421-907-x =082 ##$$a 612.3 =084 ##$$a 612.3 Ali p =245 1#$$a Pangan Dan Gizi untuk Kesehatan /$c Prof. Dr. Ir. Ali Khomsan =300 ##$$a 209 halaman : $b ilustrasi ; $c 24 cm =650 #4$$a Gizi =264 ##$$a Jakarta :$b RajaGrafindo Persada,$c 2003 =336 ##$$a teks$2 rdacontent =337 ##$$a lain-lain$2 rdamedia =338 ##$$a lain-lain$2 rdacarrier =990 ##$$a 24992499